[Event "Tatry op"]
[Site "Tatranske Zruby"]
[Date "2011.10.01"]
[Round "8"]
[White "Puobis, Jozef"]
[Black "Vlach, Karel"]
[Result "0-1"]
[WhiteElo "1953"]
[BlackElo "2183"]
[PlyCount "54"]
[EventDate "2011.09.25"]
[EventType "swiss"]
[EventRounds "9"]
[EventCountry "SVK"]
[SourceTitle "CBM 144 Extra"]
[Source "ChessBase"]
[SourceDate "2011.10.28"]
[SourceVersion "1"]
[SourceVersionDate "2011.10.28"]
[SourceQuality "1"]

1. e4 c5 2. d4 cxd4 3. Qxd4 Nc6 4. Qd3 Nf6 5. Nc3 e6 6. Nf3 Qb6 7. Be2 Bc5 8. 0-0 Ng4 9. Nd1 a6 10. h3 Nge5 11. Nxe5 Nxe5 12. Qg3 Ng6 13. Ne3 0-0 14. Nc4 Qc6 15. Bd3 b5 16. Na5 Qb6 17. Nb3 Bd6 18. Qe3 Qc7 19. f4 Bb7 20. c3 Rac8 21. Qg3 Be7 22. Be3 f5 23. exf5 exf5 24. Nd4 Rce8 25. Nf3 Bd6 26. Ne1 Rxe3 27. Qxe3 Bc5 0-1

[Event "Tatry op"]
[Site "Tatranske Zruby"]
[Date "2011.09.27"]
[Round "4"]
[White "Harvan, Richard"]
[Black "Vlach, Karel"]
[Result "1/2-1/2"]
[WhiteElo "1961"]
[BlackElo "2183"]
[PlyCount "104"]
[EventDate "2011.09.25"]
[EventType "swiss"]
[EventRounds "9"]
[EventCountry "SVK"]
[SourceTitle "CBM 144 Extra"]
[Source "ChessBase"]
[SourceDate "2011.10.28"]
[SourceVersion "1"]
[SourceVersionDate "2011.10.28"]
[SourceQuality "1"]

1. c4 Nf6 2. Nc3 d6 3. g3 g6 4. Bg2 Bg7 5. Nf3 0-0 6. 0-0 c5 7. a3 a6 8. Rb1 Qc7 9. d3 e6 10. b4 cxb4 11. axb4 d5 12. Bf4 Qd8 13. Qb3 d4 14. Na4 Re8 15. c5 Nd5 16. Be5 Bd7 17. Nb2 Nc3 18. Bxg7 Kxg7 19. Rbe1 e5 20. Nc4 Nc6 21. Nd6 Be6 22. Qb2 Re7 23. e3 Nb5 24. Nxb5 axb5 25. exd4 exd4 26. Ng5 Ra4 27. Nxe6+ Rxe6 28. Rxe6 fxe6 29. Qb3 Kf6 30. Re1 Qd7 31. Bh3 Nd8 32. Re4 Kg7 33. Qb2 Nc6 34. Bxe6 Qd8 35. Qd2 Rxb4 36. Rh4 Qe7 37. Bd5 g5 38. Rg4 h6 39. Bxc6 Rb1+ 40. Kg2 bxc6 41. Rxd4 Re1 42. Qc3 Kh7 43. Rd6 Re6 44. Qd4 Kg6 45. Qe4+ Kf6 46. Qxc6 b4 47. d4 g4 48. Qd5 Rxd6 49. cxd6 Qe6 50. Qc5 b3 51. Qb4 Qe4+ 52. Kg1 Qb1+ 1/2-1/2

[Event "Tatry op"]
[Site "Tatranske Zruby"]
[Date "2011.09.27"]
[Round "3"]
[White "Vlach, Karel"]
[Black "Kebis, Milos"]
[Result "1-0"]
[WhiteElo "2183"]
[BlackElo "2008"]
[PlyCount "97"]
[EventDate "2011.09.25"]
[EventType "swiss"]
[EventRounds "9"]
[EventCountry "SVK"]
[SourceTitle "CBM 144 Extra"]
[Source "ChessBase"]
[SourceDate "2011.10.28"]
[SourceVersion "1"]
[SourceVersionDate "2011.10.28"]
[SourceQuality "1"]

1. e4 g6 2. d4 Bg7 3. Nc3 d6 4. Be3 Nf6 5. Qd2 Ng4 6. Bg5 h6 7. Bh4 Nc6 8. h3 Nf6 9. f4 Nh7 10. Nf3 0-0 11. Bc4 Na5 12. Be2 a6 13. 0-0 b5 14. Nd5 Nc6 15. a4 bxa4 16. Rxa4 Nf6 17. Nc3 Qe8 18. b3 Bb7 19. Rfa1 Nb8 20. Bd3 Nfd7 21. Nd5 Bxd5 22. exd5 c5 23. dxc6 Nxc6 24. Bxa6 Nb6 25. R4a2 e5 26. dxe5 dxe5 27. Bb5 Rxa2 28. Rxa2 Qe6 29. Bxc6 Qxc6 30. fxe5 Nd7 31. Be7 Re8 32. Qd6 Qb5 33. e6 fxe6 34. Qxe6+ Kh7 35. Qd6 Ne5 36. Nd4 Qb7 37. Bf6 Nf7 38. Qf4 Re4 39. Qf2 Qb4 40. Bxg7 Kxg7 41. Nf3 Qe7 42. c4 Re3 43. Qb2+ Kh7 44. b4 Qd6 45. c5 Qd5 46. Ra7 Qe6 47. Qa2 Rb3 48. Ne5 Qd5 49. Rxf7+ 1-0

[Event "CZE-chT1E 1011"]
[Site "Czech Republic"]
[Date "2010.11.14"]
[Round "3.7"]
[White "Kvicala, Miroslav"]
[Black "Vlach, Karel"]
[Result "1-0"]
[WhiteElo "2042"]
[BlackElo "2183"]
[PlyCount "55"]
[EventDate "2010.10.10"]
[EventType "team-tourn"]
[EventRounds "11"]
[EventCountry "CZE"]
[SourceTitle "EXT 2012"]
[Source "ChessBase"]
[SourceDate "2011.11.24"]
[SourceVersion "1"]
[SourceVersionDate "2011.11.24"]
[SourceQuality "1"]
[WhiteTeam "Trinec II"]
[BlackTeam "Zlin II"]
[WhiteTeamCountry "CZE"]
[BlackTeamCountry "CZE"]

1. d4 Nf6 2. c4 d6 3. Nc3 g6 4. e4 Bg7 5. f3 e5 6. Nge2 Nbd7 7. Be3 c6 8. Qd2 a6 9. d5 c5 10. g4 Qa5 11. Nc1 Rb8 12. a3 h6 13. h4 Nf8 14. Rb1 Bd7 15. b4 Qc7 16. bxc5 dxc5 17. Nd3 b6 18. a4 Bc8 19. Be2 N8d7 20. f4 h5 21. g5 Ng4 22. f5 gxf5 23. exf5 e4 24. Nxe4 Qd8 25. f6 Bf8 26. Bxg4 hxg4 27. Bf4 Ra8 28. Qe3 1-0

[Event "CZE-ch"]
[Site "Ostrava"]
[Date "2010.05.03"]
[Round "3"]
[White "Kriebel, Tadeas"]
[Black "Vlach, Karel"]
[Result "1-0"]
[WhiteElo "2265"]
[BlackElo "2171"]
[PlyCount "45"]
[EventDate "2010.05.01"]
[EventType "swiss"]
[EventRounds "9"]
[EventCountry "CZE"]
[SourceTitle "CBM 136 Extra"]
[Source "ChessBase"]
[SourceDate "2010.07.02"]
[SourceVersion "2"]
[SourceVersionDate "2010.07.15"]
[SourceQuality "1"]

1. e4 d6 2. d4 Nf6 3. Nc3 e5 4. dxe5 dxe5 5. Qxd8+ Kxd8 6. Bg5 Be6 7. 0-0-0+ Nbd7 8. f4 exf4 9. Nf3 h6 10. Bxf4 Bb4 11. Nb5 Ba5 12. Nbd4 Ke7 13. Nxe6 fxe6 14. Bc4 Bb6 15. Nh4 Rhd8 16. Rhf1 Nf8 17. Be5 Be3+ 18. Kb1 Nxe4 19. Bd3 Nd2+ 20. Rxd2 Bxd2 21. Bxg7 Bg5 22. Bxf8+ Rxf8 23. Ng6+ 1-0

[Event "CZE-chT2E 0910"]
[Site "Czech Republic"]
[Date "2010.03.14"]
[Round "9.5"]
[White "Vlach, Karel"]
[Black "Sudrich, Radek"]
[Result "1-0"]
[WhiteElo "2161"]
[BlackElo "2099"]
[PlyCount "119"]
[EventDate "2009.10.18"]
[EventType "team-tourn"]
[EventRounds "11"]
[EventCountry "CZE"]
[SourceTitle "EXT 2012"]
[Source "ChessBase"]
[SourceDate "2011.11.24"]
[SourceVersion "1"]
[SourceVersionDate "2011.11.24"]
[SourceQuality "1"]
[WhiteTeam "Zlin II"]
[BlackTeam "Holesov"]
[WhiteTeamCountry "CZE"]
[BlackTeamCountry "CZE"]

1. d4 d5 2. Nf3 Nf6 3. c4 c6 4. Qc2 e6 5. g3 Bd6 6. Bg2 Ne4 7. 0-0 Nd7 8. Nc3 Ndf6 9. Ne5 Nxc3 10. bxc3 0-0 11. Bf4 Qe7 12. c5 Bb8 13. Rab1 Nh5 14. Nxc6 bxc6 15. Bxb8 Qd7 16. Bd6 Re8 17. Qa4 f5 18. Rb3 Nf6 19. Rfb1 Ne4 20. Bxe4 fxe4 21. Rb8 Rxb8 22. Bxb8 h6 23. Bd6 Kh7 24. Rb3 h5 25. h4 g5 26. hxg5 h4 27. gxh4 e5 28. Bxe5 Kg6 29. c4 dxc4 30. Ra3 Qe6 31. Qxa7 Re7 32. Qb8 Rb7 33. Qd6 Kh5 34. Qxe6 Bxe6 35. Kg2 Kxh4 36. g6 Re7 37. g7 Re8 38. Rg3 Kh5 39. Bd6 Bd5 40. Kf1 e3 41. fxe3 c3 42. Ke1 Bxa2 43. e4 Bg8 44. Rxc3 Rxe4 45. Be5 Kg6 46. Rf3 Kh7 47. Kd2 Rg4 48. Kc3 Rg2 49. e3 Ra2 50. Rf8 Ra3+ 51. Kd2 Ra2+ 52. Kd3 Ra3+ 53. Ke4 Bd5+ 54. Kf5 Bg8 55. Rc8 Rxe3 56. Rxc6 Rd3 57. Rc8 Rh3 58. Rxg8 Kxg8 59. Ke6 Rh6+ 60. Kd7 1-0

[Event "CZE-chT2E 0910"]
[Site "Czech Republic"]
[Date "2010.02.28"]
[Round "8.6"]
[White "Vlach, Karel"]
[Black "Sykora, Jan"]
[Result "1/2-1/2"]
[WhiteElo "2161"]
[BlackElo "2050"]
[PlyCount "109"]
[EventDate "2009.10.18"]
[EventType "team-tourn"]
[EventRounds "11"]
[EventCountry "CZE"]
[SourceTitle "EXT 2012"]
[Source "ChessBase"]
[SourceDate "2011.11.24"]
[SourceVersion "1"]
[SourceVersionDate "2011.11.24"]
[SourceQuality "1"]
[WhiteTeam "Zlin II"]
[BlackTeam "Prostejov"]
[WhiteTeamCountry "CZE"]
[BlackTeamCountry "CZE"]

1. c4 Nf6 2. Nf3 g6 3. Nc3 Bg7 4. d4 0-0 5. e4 d6 6. Be2 e5 7. 0-0 Nc6 8. h3 a5 9. Be3 Nd7 10. d5 Ne7 11. a3 f5 12. b4 f4 13. Bd2 Nf6 14. c5 axb4 15. axb4 Rxa1 16. Qxa1 h6 17. cxd6 cxd6 18. Qa5 b6 19. Qa7 Rf7 20. Qb8 Nd7 21. Qa8 Nf6 22. Rc1 Rf8 23. Nh2 h5 24. f3 g5 25. Ba6 g4 26. Bxc8 Nxc8 27. hxg4 hxg4 28. fxg4 Qe8 29. g5 Nh7 30. Nf3 Qg6 31. Nb5 Ne7 32. Qb7 Nxg5 33. Nxg5 Qxg5 34. Qd7 Ra8 35. Nxd6 Ra2 36. Qe6+ Kh7 37. Qh3+ Kg6 38. Nc4 b5 39. Qb3 Rxd2 40. Nxd2 f3 41. Qxf3 Qxd2 42. Rf1 Qg5 43. d6 Nc6 44. g4 Nd4 45. Qf7+ Kh7 46. Qh5+ Bh6 47. Rf7+ Kg8 48. Qxg5+ Bxg5 49. Rb7 Kf8 50. Kf2 Ke8 51. Kg3 Ne2+ 52. Kh3 Nc3 53. Kg2 Nxe4 54. Rxb5 Bf4 55. Rb8+ 1/2-1/2

[Event "SLO-ch blind int 8th"]
[Site "Izola"]
[Date "2009.06.17"]
[Round "3"]
[White "Vlach, Karel"]
[Black "Znuderl, Matej"]
[Result "1/2-1/2"]
[WhiteElo "2152"]
[BlackElo "2048"]
[PlyCount "90"]
[EventDate "2009.06.15"]
[EventType "swiss"]
[EventRounds "7"]
[EventCountry "SLO"]
[SourceTitle "EXT 2011"]
[Source "ChessBase"]
[SourceDate "2010.11.26"]
[SourceVersion "1"]
[SourceVersionDate "2010.11.26"]
[SourceQuality "1"]

1. d4 d5 2. Nf3 Nf6 3. c4 e6 4. g3 Bb4+ 5. Bd2 Bxd2+ 6. Nbxd2 0-0 7. Bg2 c6 8. 0-0 Nbd7 9. Re1 b6 10. e4 dxe4 11. Nxe4 Nxe4 12. Rxe4 Bb7 13. Qc2 c5 14. Rh4 g6 15. Qd2 Qf6 16. Ng5 Bxg2 17. Nxh7 Qg7 18. Nxf8 Bc6 19. Nxd7 Bxd7 20. dxc5 Bc6 21. Qd4 bxc5 22. Qxg7+ Kxg7 23. Rd1 g5 24. Rh3 Bf3 25. Rd7 e5 26. Rh7+ Kxh7 27. Rxf7+ Kg6 28. Rxf3 e4 29. Ra3 a5 30. Rb3 Rd8 31. Rb6+ Kf5 32. Rb5 Rd2 33. h3 e3 34. fxe3 Ke4 35. Kf1 Kxe3 36. Rb3+ Kd4 37. Ke1 Rh2 38. Kd1 Rxh3 39. Rc3 Rh2 40. Kc1 g4 41. Ra3 Rg2 42. Rc3 a4 43. Ra3 Rg1+ 44. Kd2 Rg2+ 45. Kc1 Rg1+ 1/2-1/2